000 00445nam a2200181Ia 4500
001 20925
005 20260306172841.0
008 260306t2017||||xx |||||||||||||| ||spa||
041 _aESP
082 _a343.8
_bV935
100 _aVelazco Borda, Jorge Luis de
_eAUT
245 0 _aObligaciones tributarias electrónicas
260 _c2017
300 _a238 páginas :
_c24 cm.
650 _aGEN
654 _aCCO
942 _cLIB
_dJUS
_fJUS
_2ddc
_n
999 _c20925
_d20925